000 00983nam a2200193 a 4500
001 000032582
005 20240229073937.0
008 110324t1950 dr 000 0dspa d
040 _aDO-SdBNP
_bspa
_cBNPHU
082 _a972.93053
_bT866m,
100 1 _aTrujillo Molina, Rafael Leónidas,
_d 1891-1961
_976764
245 1 0 _aMensaje depositado el 27 de febrero de 1950 en el Congreso Nacional por el Presidente de la República Dominicana generalísimo Dr. Rafael Leónidas Trujillo Molina para darle cuenta de su gestión durante el año 1949 /
_cRafael Leónidas Trujillo Molina.
260 _aCiudad Trujillo, República Dominicana :
_b[s.n.,
_c1950].
300 _a128 p. ;
_c22 cm.
650 4 _aDiscursos presidenciales
_910061
651 4 _aRepública Dominicana
_xHistoria
_yERA DE TRUJILLO, 1930-1961
_xEnsayos, Conferencias, Etc.
_930520
651 4 _aRepública Dominicana
_xPolítica Y Gobierno
_yERA DE TRUJILLO, 1930-1961
_xEnsayos, Conferencias, Etc.
_930546
049 _aBNPD
999 _c32073
_d32073